000 00714cam a22002055a 4500
001 E152951
008 110517s2011 xxk f 000 0 eng d
035 _a(Sirsi) u152951
041 0 _aeng
050 0 4 _a346.42078 $2 18
110 2 _aTurnaround Management Association United Kingdom
_95855
245 0 4 _aThe turnaround guide 2011-2012
_bincorporating the directories of sponsors and members of the Turnaround Management Association
260 _a[London]
_bTMA
_c2011
300 _a104p.
_c21cm.
520 _aProvides details of companies involved in the turnaround and corporate recovery markets.
590 _aKA
651 4 _aUnited Kingdom
_y
690 _aMANAGEMENT-CORPORATE RECOVERY
942 _n0
999 _c112292
_d112292